Hlavné zámery Súboru opatrení a ich špecifická aplikácia v podmienkach Slovenskej filmovej tvorby záverečná práca postgraduálneho štúdia

Uložené v:
Podrobná bibliografia
Hlavný autor: Grnáčik, Jozef
Korporativný autor: Vysoká škola ekonomická v Bratislave
Ďalší autori: Kleszová, Božena
Médium: Kniha
Jazyk:Slovak
Vydavateľské údaje: Bratislava 1987
Tagy: Pridať tag
Žiadne tagy, Buďte prvý, kto otaguje tento záznam!

MARC

LEADER 00000nam a2200000 4500
001 c026447
005 20221219094535.0
041 0 |a slo 
044 |a SK 
245 1 0 |a Hlavné zámery Súboru opatrení a ich špecifická aplikácia v podmienkach Slovenskej filmovej tvorby  |b záverečná práca postgraduálneho štúdia  |c Jzef Grnáčik ; Ved. práce Božena Kleszová 
264 1 |a Bratislava  |c 1987 
300 |a 49 s. 
100 1 |a Grnáčik, Jozef 
700 1 |a Kleszová, Božena 
710 2 |a Vysoká škola ekonomická v Bratislave